banner koha

Propagação vegetativa de estacas de paricá (Schizolobium amazonicum Huber Ex. Ducke)obtidas de material juvenil e imersas em ácido indol-3-butírico (Registro n. 169096)

MARC details
000 -LÍDER
campo de controle de tamanho fixo 00854nas a2200253 4500
001 - NÚMERO DE CONTROLE
campo de controle BR0200850
003 - IDENTIFICADOR DO NÚMERO DE CONTROLE
campo de controle BR-BrBNA
005 - DATA E HORÁRIO DA ÚLTIMA TRANSAÇÃO
campo de controle 20231205102736.0
007 - CAMPO FIXO DE DESCRIÇÃO FÍSICA--INFORMAÇÃO GERAL
campo de controle de tamanho fixo ta
008 - CAMPO DE DADOS FIXOS--INFORMAÇÃO GERAL
campo de controle de tamanho fixo 230509b bl.|||p| |||| 00| 00por d
040 ## - FONTE DA CATALOGAÇÃO
Instituição da catalogação original BR-BrBNA
Idioma da catalogação por
Instituição que transcreveu o registro Biblioteca Nacional de Agricultura
041 ## - CÓDIGO DE IDIOMA
Código do idioma do texto/trilha sonora ou título diferente (Pt)
072 ## - CÓDIGO DE CATEGORIA DE ASSUNTO
Código de Categoria de Assunto F02
100 1# - ENTRADA PRINCIPAL--NOME PESSOAL
Nome pessoal Rosa, L. dos S.
100 1# - ENTRADA PRINCIPAL--NOME PESSOAL
Nome pessoal Pinheiro, K.A.O.
245 1# - TÍTULO
Título Propagação vegetativa de estacas de paricá (Schizolobium amazonicum Huber Ex. Ducke)obtidas de material juvenil e imersas em ácido indol-3-butírico
650 ## - ASSUNTO--TERMO TÓPICO
Cabeçalho tópico ou nome geográfico Paricá
650 ## - ASSUNTO--TERMO TÓPICO
Cabeçalho tópico ou nome geográfico Estaca
650 ## - ASSUNTO--TERMO TÓPICO
Cabeçalho tópico ou nome geográfico Propagação Vegetativa
650 ## - ASSUNTO--TERMO TÓPICO
Cabeçalho tópico ou nome geográfico Enraizamento de Estaca
773 0# - ENTRADA ANALÍTICA
Título Revista de Ciências Agrárias (Brazil)
ISSN - International Standard Serial Number ISSN 1517-591X
Partes relacionadas (Jan-Jul 2001), (no.35) p. 79-88
Número de controle do registro BR0200850
909 ## -
-- 202311
-- Lúcia
-- 55
-- Lúcia Elande
942 ## - ELEMENTOS DE ENTRADA ADICIONADOS (KOHA)
Fonte da classificação ou esquema de arquivamento na estante Classificação AGRIS
Ocultar no OPAC Não
Tipo de material Koha Analítica
Exemplares
Situação do descarte Fonte da classificação ou esquema de arquivamento na estante Situação física Não pode ser emprestado Biblioteca de origem Biblioteca atual Localização na estante Enumeração do periódico / cronologia Total de empréstimos Data de último acesso Número do exemplar Tipo de material Koha Fonte de aquisição
  Classificação AGRIS   Consulta local Biblioteca Nacional de Agricultura - Binagri Biblioteca Nacional de Agricultura - Binagri   (Jan-Jul 2001), (no.35) p. 79-88   29/11/2023 01 Periódicos Portaria Interministerial nº 164/94

BINAGRI

Telefone: (61)3218-2567/2388/3357/2097 - binagri@agro.gov.br

Ministério da Agricultura e Pecuária , Esplanada dos Ministérios, Bloco D, Anexo B, Brasília/DF, CEP: 70.043-900